[Event "THA-ch Rapid"]
[Site "Bangkok"]
[Date "2023.12.05"]
[Round "1"]
[White "Chuersakul, Sarocha"]
[Black "Jongatireklap, Wacharaphol"]
[Result "1-0"]
[WhiteElo "1770"]
[BlackElo "1213"]
[PlyCount "135"]
[EventDate "2023.12.05"]
[EventType "swiss (rapid)"]
[EventRounds "13"]
[EventCountry "THA"]
[SourceTitle "CB50_2023"]
[SourceDate "2023.12.13"]
[SourceVersion "1"]
[SourceVersionDate "2023.12.13"]
[SourceQuality "1"]

1. Nf3 Nf6 2. g3 b6 3. Bg2 Bb7 4. d4 e6 5. c4 Bb4+ 6. Bd2 Bxd2+ 7. Nbxd2 0-0 8. Qc2 d6 9. e4 Nbd7 10. 0-0 Rc8 11. Rfe1 e5 12. d5 c6 13. dxc6 Bxc6 14. Nh4 b5 15. Nf5 Nb6 16. b3 bxc4 17. Nxc4 Nxc4 18. bxc4 g6 19. Ne3 Qc7 20. Qd3 Rfd8 21. Rac1 Qa5 22. a3 Rb8 23. Rb1 Qc5 24. g4 Qd4 25. Qxd4 exd4 26. Nd5 Nxg4 27. Ne7+ Kg7 28. Nxc6 Rxb1 29. Rxb1 Rc8 30. Nxd4 Rxc4 31. Nb5 Rc2 32. Rf1 Ra2 33. h3 Ne5 34. Rd1 a6 35. Nxd6 Rxa3 36. Rd5 Ra1+ 37. Kh2 Nd7 38. Ne8+ Kf8 39. Rxd7 Kxe8 40. Ra7 a5 41. e5 a4 42. Bc6+ Kf8 43. Rxa4 Re1 44. Re4 Rc1 45. Bd5 Rc5 46. Bc4 Ke7 47. f4 f5 48. Rd4 h6 49. Kg3 g5 50. Kf3 Ra5 51. Rd3 Ra4 52. Rd4 Ra3+ 53. Bd3 Rb3 54. Ke2 Rb2+ 55. Ke3 Rb3 56. Kd2 gxf4 57. Rxf4 Ke6 58. Rxf5 Rxd3+ 59. Kxd3 Kxf5 60. Kd4 Ke6 61. Ke4 h5 62. h4 Ke7 63. Kf5 Kf7 64. Kg5 Ke6 65. Kxh5 Kxe5 66. Kg6 Ke6 67. h5 Ke7 68. h6 1-0

[Event "Thailand Team op"]
[Site "Bangkok"]
[Date "2022.12.05"]
[Round "6.3"]
[White "Jongatireklap, Wacharaphol"]
[Black "Lauron, Paul John"]
[Result "0-1"]
[WhiteElo "1270"]
[BlackElo "1583"]
[PlyCount "60"]
[EventDate "2022.12.03"]
[EventType "team-swiss"]
[EventRounds "9"]
[EventCountry "THA"]
[SourceTitle "CBM 211 Extra"]
[Source "ChessBase"]
[SourceDate "2023.01.31"]
[SourceVersion "1"]
[SourceVersionDate "2023.01.31"]
[SourceQuality "1"]
[WhiteTeam "The Rooky"]
[BlackTeam "Big Rook e4"]
[WhiteTeamCountry "THA"]
[BlackTeamCountry "THA"]

1. d4 d6 2. c4 Nc6 3. g3 e5 4. dxe5 Nxe5 5. Bg2 c6 6. b3 Be7 7. Bb2 Bf6 8. Nd2 Qe7 9. Bxe5 Qxe5 10. Rb1 Bf5 11. e4 Be6 12. Ngf3 Qa5 13. a4 Qb4 14. 0-0 h5 15. h4 Nh6 16. Re1 Ng4 17. Nf1 Rd8 18. Nd4 Qc5 19. Nxe6 Qxf2+ 20. Kh1 fxe6 21. Qf3 g5 22. Qxf2 Nxf2+ 23. Kg1 Bd4 24. Kh2 gxh4 25. Re2 hxg3+ 26. Nxg3 h4 27. Nf1 Ke7 28. Nd2 h3 29. Bf1 Rdf8 30. b4 Be5+ 0-1